[Event "2017 South African Open Ch"]
[Site "Durban"]
[Date "2017.07.14"]
[Round "1"]
[White "Pon, Matt"]
[Black "Puran, Ahdir"]
[Result "1-0"]
[WhiteElo "2165"]
[BlackElo "1663"]
[Annotator "TA"]
[PlyCount "113"]
[EventDate "2017.??.??"]
[EventCountry "RSA"]
[SourceTitle "playchess.com"]
[Source "ChessBase"]
[SourceQuality "1"]

{[%evp 11,113,30,44,-18,-9,-21,11,0,0,0,5,0,0,0,0,0,0,0,0,0,22,0,0,0,26,-3,0,-13,0,-214,14,0,4,-7,14,10,2,0,11,13,0,5,16,0,7,0,60,60,63,31,32,22,53,50,111,101,127,101,102,100,117,128,118,129,162,164,155,135,227,227,256,241,242,239,253,248,362,247,345,337,525,133,523,500,835,826,1392,1375,1920,1701,1612,1483,1292,1233,5339,6049,2655,1912,5941,5920,29978,5857,5135,5438]} 1. d4 d5 2. c4 c6 3. Nf3 Nf6 4. e3 g6 5. Bd3 Bg7 6. O-O O-O 7. Ne5 {D70: Grünfeld: Unusual White 3rd moves (met by ...d5)} (7. Nc3 $14) (7. Nc3 Bg4 8. cxd5 Bxf3 9. Qxf3 cxd5 10. Qe2 Nc6 11. Rd1 Nb4 12. Bb1 Nc6 13. Bd2 Rc8 14. Be1 Re8 15. Bd3 a6 {0-1 (40) Kuzubov,Y (2651)-Oleksienko,M (2615) Rivne 2016}) 7... Nbd7 $11 8. f4 Ne4 9. Nc3 {The position is equal.} (9. Qb3 {seems wilder.} Nxe5 10. fxe5 b6 11. Nc3 Nxc3 12. bxc3 Be6 13. a4) 9... Nxc3 10. bxc3 Nxe5 11. fxe5 Be6 12. cxd5 cxd5 13. Rb1 $146 ({Predecessor:} 13. Qb3 Qc7 {½-½ (41) Luetje,J (2135)-Etzold,W (2117) Bad Blankenburg 2006}) 13... Qc7 14. Qb3 Rab8 15. Bd2 Rfc8 16. Qa3 a6 17. Qb3 Bh6 18. Qb6 Qd7 19. Rb2 Rc6 20. Qa7 $2 (20. Qb3 $11 {and White is okay.}) 20... Rcc8 $2 ({Black should play} 20... Qd8 $1 $19 {White must now prevent ...b5.} 21. a4 (21. Rxb7 $2 Ra8 $19) 21... b5 $1 {[%mdl 512]} 22. axb5 Rcb6) 21. Qb6 Rc6 22. Qa5 (22. Qb3 {with more complications.} Qc7 23. Qc2 b5 24. Rb4 Rc8 25. Rb3) 22... Bf5 (22... Bg5 {keeps more tension.} 23. Rfb1 Kg7 24. Qa4 Qc7 25. Qb3 Kh8) 23. Bxf5 gxf5 24. Qa4 b5 25. Qc2 e6 26. Qd1 Qe7 27. Qh5 Qg5 28. Qh3 {And now e4! would win.} Bg7 {[#]} (28... Qg6 $11) 29. e4 $1 $36 {[%mdl 2560] Black is under pressure.} Qg4 (29... dxe4 30. Bxg5) 30. exf5 (30. Qxg4 {looks sharper.} fxg4 31. Rf4 dxe4 32. Rxg4 e3 33. Be1) 30... Qxh3 31. gxh3 exf5 32. Rxf5 Rb7 ({Better is} 32... Re8 $14) 33. Be1 Rh6 34. Rg2 Rg6 35. h4 {[%cal Bh3h4,Bh4h5][%mdl 32]} a5 36. h5 Rxg2+ 37. Kxg2 $16 {[%mdl 4096] Endgame KRB-KRB} b4 38. cxb4 axb4 39. Rf2 b3 (39... Rb6 $16 40. Rf5 b3 41. axb3 Rxb3) 40. axb3 $18 Rxb3 41. Ra2 Bh6 42. Ra5 Rb2+ 43. Kh3 Rb3+ (43... f5 {might work better.} 44. Rxd5 Re2) 44. Bg3 Rd3 45. Rxd5 Be3 {[#]} (45... Bg5 $142 46. Kg4 h6) 46. Rd8+ $1 Kg7 47. d5 Bf4 (47... Bg5 $142) 48. Kg4 Bd2 49. Rd7 Kf8 50. Bh4 Rd4+ 51. Kh3 Rd3+ 52. Kg2 Ba5 53. Bf6 Rd2+ 54. Kg3 Ke8 55. Re7+ Kf8 56. Ra7 {Threatening mate with Ra8+.} Rd3+ 57. Kg4 {Precision: White = 67%, Black = 31%.} 1-0

[Event "2017 South African Open Ch"]
[Site "Durban"]
[Date "2017.07.14"]
[Round "1"]
[White "Solomons, Deon"]
[Black "Ohlson, Cecil"]
[Result "1-0"]
[WhiteElo "2120"]
[BlackElo "1637"]
[Annotator "TA"]
[PlyCount "41"]
[EventDate "2017.??.??"]
[EventCountry "RSA"]
[SourceTitle "playchess.com"]
[Source "ChessBase"]
[SourceQuality "1"]

{[%evp 12,41,38,20,106,14,226,209,212,111,228,151,147,150,503,505,815,826,924,429,487,480,488,481,487,484,555,543,528,556,513,472]} 1. Nf3 d6 2. d4 Bg4 3. e4 Nf6 4. Nc3 c6 5. Be2 e6 6. O-O Be7 7. Re1 {LiveBook: 4 Games. B07: Pirc Defence: Miscellaneous Systems} (7. h3 Bh5 8. e5 dxe5 9. Nxe5 Bxe2 10. Nxe2 Nbd7 11. c4 Nxe5 12. dxe5 Nd7 13. Bf4 Qa5 14. a3 Nxe5 15. b4 Qc7 16. Qd4 {½-½ (46) Hou,Y (2605)-Mamedyarov,S (2747) Caleta 2012}) 7... c5 $146 (7... O-O $11 {remains equal.}) ({Predecessor:} 7... d5 8. Ne5 Bxe2 9. Qxe2 O-O 10. exd5 cxd5 11. Qb5 Qc8 12. Bg5 Nc6 13. Rad1 Re8 14. h3 Nd7 15. Bxe7 Ndxe5 16. dxe5 Rxe7 {0-1 (48) Meszaros,A (2295)-Li,B (2373) Kecskemet 2013}) 8. e5 ({White should play} 8. dxc5 $16 Bxf3 9. Bxf3) 8... Nfd7 $2 {[#]} (8... dxe5 $11 {and Black has nothing to worry.} 9. dxe5 Nd5) 9. exd6 $1 $18 {White is clearly better.} Bxd6 10. Ne4 (10. d5 $18 Be7 11. h3) 10... Qc7 (10... Be7 $16) 11. dxc5 Bxc5 12. Nxc5 Nxc5 $2 {[#]} (12... Qxc5 $16 {is a better chance.} 13. Be3 Qc7) 13. Qd4 {White is clearly winning.} Bf5 (13... Bxf3 $142 14. Qxg7 (14. gxf3 O-O $14) 14... Rf8 15. Bxf3 Nc6) 14. Bf4 Qb6 15. Be3 (15. Qxg7 $142 Rf8 16. Nd4) 15... Nbd7 16. b4 {[%cal Bb2b4,Bb4c5][%mdl 32]} O-O 17. bxc5 Qc7 18. Bf4 Qc6 19. Ne5 Nxe5 20. Bxe5 Rfd8 21. Bf3 {Precision: White = 36%, Black =  8%.} 1-0

[Event "2017 South African Open Ch"]
[Site "Durban"]
[Date "2017.07.14"]
[Round "1"]
[White "Rooplal, Desmond"]
[Black "Grover, Sahaj"]
[Result "0-1"]
[WhiteElo "1686"]
[BlackElo "2485"]
[Annotator "TA"]
[PlyCount "100"]
[EventDate "2017.??.??"]
[EventCountry "RSA"]
[SourceTitle "playchess.com"]
[Source "ChessBase"]
[SourceQuality "1"]

{[%evp 10,100,16,-18,-25,-10,-25,-29,0,-85,-88,-106,-91,-110,-116,-113,-89,-81,-94,-109,-108,-138,-124,-110,-104,-100,-103,-101,-94,-85,-29,-36,-36,-60,-36,-36,-36,-36,-34,-44,-38,-41,-32,-41,-46,-47,-36,-32,-21,-44,-80,-102,-91,-97,-100,-100,-95,-177,-160,-191,-169,-170,-183,-180,-181,-178,-181,-233,-228,-208,-185,-171,-180,-174,-175,-319,-336,-568,-562,-562,-518,-556,-536,-658,-641,-1155,-1118,-2477,-2477,-1893,-1930,-1968,-4718]} 1. e4 c5 2. Nf3 d6 3. Bb5+ Nd7 4. d4 cxd4 5. Qxd4 a6 6. Ba4 {LiveBook: 3 Games. B51: Sicilian: Moscow Variation (3 Bb5+) without 3...Bd7} (6. Bxd7+ Bxd7 7. O-O Nf6 8. c4 g6 9. Nc3 Bg7 10. a4 O-O 11. Qd3 Bg4 12. Nd2 Nd7 13. h3 Ne5 14. Qc2 Bd7 15. b3 Rc8 {½-½ (73) Solak,D (2641)-Ponomariov,R (2712) Khanty-Mansiysk 2017}) 6... e5 7. Qd1 Ngf6 8. Bg5 $146 {Black has an edge.} ({Predecessor:} 8. Nc3 b5 9. Bb3 Nc5 10. Bg5 Nxb3 11. axb3 Bg4 12. Bxf6 Qxf6 13. Nxb5 Be7 14. Nc7+ Kd7 15. Nxa8 Rxa8 16. Nxe5+ Qxe5 {1-0 (16) Schatz,D (1683)-Guenther,R (1334) GER email 2014}) 8... Qa5+ 9. c3 (9. Nc3 $11) 9... Nxe4 $17 10. Be3 Be7 11. O-O O-O 12. Bc2 Ndf6 13. Nbd2 Nxd2 14. Nxd2 Be6 15. Qf3 Qc7 16. Ne4 Ng4 17. Ng5 Bxg5 $1 18. Bxg5 {Threatening h3.} f6 19. Bd2 Qc6 (19... f5 $17) 20. Be4 d5 21. Bf5 {[#] Hoping for Qxg4.} Bxf5 22. Qxf5 Qc8 23. Qxc8 Raxc8 24. f3 Nh6 $36 {[%mdl 2048] Black has some pressure.} 25. Bxh6 $1 gxh6 $15 {[%mdl 4096] Endgame KRR-KRR} 26. Rad1 Rfd8 27. f4 e4 28. Rd4 Kf7 29. Rfd1 Ke6 30. Kf2 b5 31. a4 Rc4 32. axb5 Rxd4 33. Rxd4 (33. cxd4 $17 {keeps fighting.} Rb8 34. bxa6 Rxb2+ 35. Ke3) 33... axb5 $17 {KR-KR} 34. Rb4 Rb8 35. Ke3 Kd6 36. Rb3 Kc5 37. Ra3 {[#]} b4 $1 {[%cal Rb4a3]} 38. Ra7 (38. Ra5+ $142 Rb5 39. Ra2) 38... bxc3 $19 39. bxc3 Rb3 40. Rc7+ Kd6 41. Rc8 Rb2 42. Rg8 (42. f5 $142) 42... Rc2 43. Kd4 $2 (43. Rd8+ Ke6 44. Rc8) 43... Rd2+ {Black is clearly winning.} 44. Ke3 Rd3+ 45. Ke2 Rxc3 46. Rd8+ Kc5 47. Rf8 Kd4 48. Rxf6 Rc2+ 49. Kd1 Rxg2 50. Rxh6 Kd3 {Precision: White = 50%, Black = 71%.} 0-1

[Event "2017 South African Open Ch"]
[Site "Durban"]
[Date "2017.07.14"]
[Round "1"]
[White "Mahomole, Mahlodi J"]
[Black "Makoto, Rodwell"]
[Result "0-1"]
[WhiteElo "1676"]
[BlackElo "2372"]
[Annotator "TA"]
[PlyCount "56"]
[EventDate "2017.??.??"]
[EventCountry "RSA"]
[SourceTitle "playchess.com"]
[Source "ChessBase"]
[SourceQuality "1"]

{[%evp 19,56,12,62,14,70,40,44,-120,0,-208,-222,-222,-214,-256,-251,-214,-245,-232,-225,-646,-625,-779,-758,-761,-587,-574,-479,-780,-548,-1088,-997,-1001,-983,-1324,-1337,-1959,-1933,-29987,-29988]} 1. e4 e5 2. Nf3 Nc6 3. Bb5 Nf6 4. O-O Be7 5. Re1 d6 {[%cal Bd7d6,Bd6d5][%mdl 32]} 6. c3 O-O 7. d3 a6 8. Ba4 b5 9. Bc2 d5 10. Nbd2 {C84: Closed Ruy Lopez: Unusual White 6th moves} Bb7 {LiveBook: 6 Games} (10... d4 11. a4 Be6 12. Nf1 b4 13. cxd4 Nxd4 14. Nxd4 Qxd4 15. Nd2 c5 16. Nf3 Qd6 17. Be3 Rfd8 {1-0 (50) Vachier Lagrave,M (2796)-Aronian,L (2793) Leuven 2017}) 11. Nf1 $146 ({Predecessor:} 11. Nb3 a5 12. a4 bxa4 13. Rxa4 dxe4 14. dxe4 Nd7 15. Be3 Nb6 16. Ra2 Bc8 17. Nbd2 {0-1 (68) Ramesh,R (2472)-Zhou,W (2627) Canberra 2015}) 11... Bc5 (11... dxe4 $11 12. dxe4 b4) 12. Bg5 {White is slightly better.} dxe4 13. Rxe4 $2 (13. dxe4 $14 {keeps the upper hand.} h6 14. Qxd8 Raxd8 15. Bxf6 gxf6 16. b4) 13... h6 ({Black should try} 13... Nxe4 $17 14. Bxd8 Nxf2) 14. Bh4 $2 (14. Bxf6 $1 $11 {and White is okay.} Qxf6 15. Ne3) 14... Nxe4 $19 ({Much less strong is} 14... g5 15. Bxg5 hxg5 16. Nxg5 $17) 15. Bxd8 Nxf2 ({But not} 15... Bxf2+ $2 16. Kh1 $18) 16. Qe2 {[#] Black must now prevent d4.} Nxd3+ 17. Kh1 Nf2+ {[%cal Bd3f2,Bf2g4,Bg4e3][%mdl 32]} 18. Kg1 {Strongly threatening Bh4.} Raxd8 19. Ne3 $2 (19. Nh4) 19... Ng4 20. h3 Nxe3 21. Kh2 f5 22. Bb3+ Kh7 {[#]} 23. Rc1 (23. Ng5+ $142 $1 {[%mdl 512]} Kh8 (23... hxg5 24. Qh5#) 24. Ne6) 23... e4 24. Nd4 Nxd4 25. cxd4 Bxd4 26. Kh1 c5 27. Bd1 f4 {[%cal Bf5f4,Bf4f3][%mdl 32]} 28. Qh5 f3 {Precision: White = 20%, Black = 58%.} 0-1

[Event "2017 South African Open Ch"]
[Site "Durban"]
[Date "2017.07.14"]
[Round "1"]
[White "Schutte, Rico"]
[Black "Oatlhotse, Providence"]
[Result "0-1"]
[WhiteElo "1666"]
[BlackElo "2190"]
[Annotator "TA"]
[PlyCount "51"]
[EventDate "2017.??.??"]
[EventCountry "RSA"]
[SourceTitle "playchess.com"]
[Source "ChessBase"]
[SourceQuality "1"]

{[%evp 10,51,8,-51,-31,-60,-54,-48,-46,-77,-64,-80,-46,-41,-23,-109,-104,-108,-62,-155,-156,-156,-156,-155,-145,-226,-221,-428,-402,-403,-414,-418,-361,-987,-945,-1246,-1241,-2083,-1922,-1932,-1916,-29996,-29997,-29997]} 1. d4 Nf6 2. Nf3 g6 3. c4 Bg7 4. Nc3 d5 5. e3 O-O 6. Qc2 ({White should try} 6. cxd5 $11 Nxd5 7. Bd2) 6... c5 $15 {D94: Grünfeld: 4 Nf3 Bg7 5 e3} 7. cxd5 cxd4 8. Nxd4 (8. exd4 Nxd5 9. Qb3 Nb6 10. Be3 Be6 11. Qa3 Nc6 12. Rd1 Nd5 13. Nxd5 Bxd5 14. Be2 {0-1 (44) Bechmann,G (2038)-Kilgus,G (2413) Vienna 2016}) 8... Nxd5 {Black is slightly better.} 9. Nxd5 Qxd5 10. Qc4 $146 ({Predecessor:} 10. Nb5 Na6 11. e4 Qd8 12. Bd2 Bd7 13. Bc3 e5 14. Rd1 Qc8 15. Nd6 Qc7 16. Nxb7 Qxb7 17. Bxa6 Qxa6 18. Rxd7 Qxa2 19. O-O {½-½ (19) Wesolowska,H (2080)-Kowalska,E (2065) Warsaw 1994}) 10... Qd8 11. Bd2 e5 12. Nb5 (12. Nb3 $11 {remains equal.}) 12... Nc6 $17 13. Rd1 {Bb4 would now be nice for White.} Qb6 14. Bc3 (14. Qb3 $15) 14... Be6 $36 {[%mdl 2048] White is under strong pressure.} 15. Qa4 a6 16. Nd6 {[#]} Qc7 $1 {...Rfd8 is the strong threat.} 17. a3 {[#]} (17. Rd2 $17 {keeps fighting.}) 17... b5 $1 $19 {[%cal Rb5a4]} 18. Qh4 $2 (18. Qc2) 18... Rad8 19. Ne4 Rxd1+ 20. Kxd1 f5 21. Nc5 $2 (21. Ng5 Qd8+ 22. Kc1) 21... Qd6+ 22. Bd3 Qxc5 23. Bb4 Qd5 24. Ke2 {[#]} e4 $1 25. Bxf8 Qxd3+ 26. Ke1 {Precision: White = 21%, Black = 85%.} 0-1

[Event "2017 South African Open Ch"]
[Site "Durban"]
[Date "2017.07.14"]
[Round "1"]
[White "Modi, Yashil"]
[Black "De Abreu, Roberto N"]
[Result "0-1"]
[WhiteElo "1599"]
[BlackElo "2145"]
[Annotator "TA"]
[PlyCount "68"]
[EventDate "2017.??.??"]
[EventCountry "RSA"]
[SourceTitle "playchess.com"]
[Source "ChessBase"]
[SourceQuality "1"]

{[%evp 26,68,6,0,149,141,137,135,150,44,80,7,22,-14,-22,-22,-20,-51,0,9,0,0,74,-36,0,-172,-170,-447,-442,-444,-427,-445,-441,-664,-662,-1191,-1186,-1279,-1154,-1958,-1962,-29988,-29989,-29993,-29994]} 1. d4 Nf6 2. Nf3 c5 3. d5 e6 4. c4 exd5 5. cxd5 d6 6. g3 g6 7. Nc3 Bg7 8. Bg2 O-O 9. O-O Re8 10. Nd2 a6 11. a4 Nbd7 12. e4 Ne5 {A64: Modern Benoni: Fianchetto Variation: 9...Nbd7 10 Nd2 a6 11 a4 Re8} 13. h3 (13. Qc2 h5 14. f4 Neg4 15. Nc4 Nh7 16. h3 Bd4+ 17. Kh1 Ngf6 18. Ne2 Rb8 19. a5 Qc7 20. Nxd4 cxd4 {1-0 (33) Gunina,V (2496)-Lagno,K (2529) Huaian 2016}) 13... Nh5 14. Kh2 {LiveBook: 3 Games} Bd7 {[#]} (14... f5 $11) 15. f4 $1 $16 Nd3 16. Nc4 $1 {[%csl LRd3,LRd6]} Nxc1 17. Qxc1 $146 ({Only move:} 17. Nxd6 $16 Bxa4 18. Nxa4 Qxd6 19. Rxc1) ({Predecessor:} 17. Nxd6 Bxa4 18. Nxa4 Qxd6 19. Rxc1 Rac8 20. Qf3 f5 21. exf5 {1-0 (31) Carstensen,J (2295)-Nielsen,H (2164) Copenhagen 2010}) 17... Qc7 18. a5 (18. g4 $16) 18... Bb5 $11 19. Nxb5 axb5 20. Nb6 Rad8 21. Re1 Bd4 (21... c4 $15) 22. Qd2 f5 23. exf5 $1 Qg7 (23... gxf5 $11 {keeps the balance.} 24. Bf3 Qf7) 24. f6 ({White should try} 24. Rxe8+ $16 Rxe8 25. Re1) 24... Bxf6 25. Rab1 $2 {[#]} (25. Rxe8+ $11 Rxe8 26. Re1) 25... g5 $1 $19 26. Qd1 $2 (26. Rxe8+ Rxe8 27. Qd1) 26... Rxe1 27. Qxe1 gxf4 {White must now prevent ...Be5.} 28. Qe6+ Kh8 29. g4 (29. Qg4 $142 fxg3+ 30. Kh1) 29... f3 30. Bxf3 Be5+ 31. Kh1 Nf4 32. Qf5 Rf8 33. Qe4 Qh6 34. Bg2 Nxh3 {Precision: White = 29%, Black = 67%.} 0-1

[Event "2017 South African Open Ch"]
[Site "Durban"]
[Date "2017.07.14"]
[Round "1"]
[White "Mahomole, Sekgwari"]
[Black "Mwale Joseph"]
[Result "0-1"]
[WhiteElo "1558"]
[BlackElo "2159"]
[Annotator "TA"]
[PlyCount "68"]
[EventDate "2017.??.??"]
[EventCountry "RSA"]
[SourceTitle "playchess.com"]
[Source "ChessBase"]
[SourceQuality "1"]

{[%evp 13,68,7,2,-64,-62,-95,-70,-83,-72,-89,-80,-102,-93,-95,-94,-79,-77,-94,-56,-50,67,81,91,0,-16,-18,-17,-35,-59,-66,-12,-116,-81,-213,-186,-204,-216,-270,-277,-332,-239,-236,-225,-234,-231,-232,-229,-226,-130,-246,-117,-213,-193,-871,-830,-926,-918]} 1. d4 Nf6 2. c4 e6 3. g3 d5 4. Bg2 Be7 5. Nf3 O-O 6. O-O dxc4 7. Qc2 b5 {LiveBook: 201 Games} 8. Rd1 {E05: Open Catalan: 5 Nf3 Be7} (8. a4 $11) (8. a4 b4 9. Nfd2 c6 10. Nxc4 Qxd4 11. Rd1 Qc5 12. Nbd2 Ba6 13. b3 Nbd7 14. Bb2 Rad8 15. Rac1 Nb6 16. Bxf6 gxf6 {½-½ (30) Aronian,L (2797)-Nakamura,H (2767) Saint Louis 2014}) 8... Bb7 $1 $15 9. Bf4 $146 ({Predecessor:} 9. b3 cxb3 10. Qxb3 a6 11. a4 Bd5 {1-0 (38) Raines,D (972)-Chang,H (945) LSS email 2011}) 9... Be4 10. Qc1 {Black is slightly better.} Nd5 11. Nc3 Nxc3 12. bxc3 c6 13. Ne5 Bxg2 14. Kxg2 f6 15. Nf3 Nd7 {[%cal Bb8d7,Bd7c5,Bc5e6][%mdl 32]} 16. Qe3 Rc8 (16... Kf7 $15 17. Qe4 Nb6) 17. Qxe6+ Kh8 18. d5 (18. a4 $1 $16 {[%cal Ra4b5] Black must now prevent axb5.} bxa4 19. Nd2 (19. Qxc4 g5 $14)) 18... Nc5 $11 19. Qf5 {Strongly threatening d6.} g6 20. Qc2 {aiming for d6.} cxd5 21. Be3 Qd7 ({Better is} 21... Re8 $15) 22. Rd4 (22. Bxc5 $1 $11 Rxc5 23. a4) 22... Ne6 23. Rh4 (23. Rd2 $17) 23... f5 $36 {[%mdl 2048] Black is really pushing.} 24. Ne5 Qe8 25. Rh3 Bf6 26. Nf3 a5 27. Rd1 Qc6 28. Nd4 Nxd4 29. Bxd4 Bxd4 30. Rxd4 Rce8 ({Black should try} 30... b4 $19 31. Kg1 Rb8) 31. Qd2 {[#]} (31. a3 $17 {was necessary.}) 31... Re4 (31... b4 $1 $19 {[%mdl 512] is more deadly.} 32. cxb4 axb4) 32. Rxe4 (32. Rh4 $17) 32... fxe4 33. Qd4+ $2 (33. Qh6 Rf7 34. Rh4) 33... Qf6 {Threatens to win with ...Qxd4.} 34. Qa7 Rf7 {Precision: White = 18%, Black = 48%.} 0-1

[Event "2017 South African Open Ch"]
[Site "Durban"]
[Date "2017.07.15"]
[Round "3"]
[White "Jere, Daniel"]
[Black "Jacobs, Kevin T"]
[Result "1-0"]
[WhiteElo "2380"]
[BlackElo "1882"]
[Annotator "TA"]
[PlyCount "47"]
[EventDate "2017.??.??"]
[EventCountry "RSA"]
[SourceTitle "playchess.com"]
[Source "ChessBase"]
[SourceQuality "1"]

{[%evp 17,47,23,22,-5,-2,3,60,68,95,90,159,166,202,159,162,170,159,162,180,150,191,201,202,194,183,187,390,347,480,456,2364,1755]} 1. c4 Nf6 2. g3 e5 3. Bg2 g6 4. Nc3 Bg7 5. e4 O-O 6. Nge2 Nc6 7. O-O d6 8. f4 Be6 9. d3 Qd7 {LiveBook: 24 Games} 10. Kh1 {A26: English Opening vs King's Indian with ...Nc6 and d3} (10. Nd5 Ne8 11. Be3 Nd4 12. f5 Bxd5 13. cxd5 c6 14. dxc6 bxc6 15. g4 Rb8 16. b3 Bf6 17. g5 Bd8 18. f6 {½-½ (72) Mons,L (2469)-Socko,M (2455) Graz 2017}) 10... Bg4 $146 ({Predecessor:} 10... Rab8 11. Be3 a6 12. Qd2 Ne7 13. Nd5 Nfxd5 14. cxd5 Bh3 15. fxe5 Bxg2+ 16. Kxg2 dxe5 17. Bc5 Rfe8 18. Bxe7 Rxe7 {0-1 (46) Marin,I (2261)-Manea,A (2357) Bucharest 2008}) 11. Be3 {[#]} h5 (11... Nd4 $1 $11 {[%mdl 512]}) 12. Qd2 $14 {White is slightly better.} a6 13. Ng1 Qc8 {[#]} ({Black should play} 13... Be6) 14. f5 $1 $16 {[%mdl 512]} gxf5 15. Bh6 f4 16. Bxg7 Kxg7 17. gxf4 Nh7 18. f5 f6 19. Nf3 ({Don't do} 19. h3 Rh8 $16) 19... Rh8 20. Nd5 Qd7 21. h3 Bxf3 $2 (21... Rag8 22. Rg1 (22. hxg4 hxg4 23. Nh2 Qf7 $16) 22... Qd8) 22. Bxf3 $18 Ng5 23. Rg1 h4 (23... Rag8 $142 24. h4 Nd4) 24. Rxg5+ {Precision: White = 83%, Black = 25%.} 1-0

[Event "2017 South African Open Ch"]
[Site "Durban"]
[Date "2017.07.15"]
[Round "3"]
[White "Kobese, Watu"]
[Black "Goosen, Anton"]
[Result "1/2-1/2"]
[WhiteElo "2367"]
[BlackElo "2004"]
[Annotator "TA"]
[PlyCount "36"]
[EventDate "2017.??.??"]
[EventCountry "RSA"]
[SourceTitle "playchess.com"]
[Source "ChessBase"]
[SourceQuality "1"]

{[%evp 20,36,39,6,45,44,27,-130,-112,-112,-122,-116,-120,-114,-115,-108,-119,-123,-50]} 1. e4 c6 2. d4 d5 3. exd5 cxd5 4. c4 Nf6 5. Nc3 Nc6 6. Bg5 Ne4 7. Nxe4 {B13: Caro-Kann: Exchange Variation and Panov-Botvinnik Attack} dxe4 8. d5 Ne5 9. Qd4 f6 10. Qxe4 Qb6 11. O-O-O {LiveBook: 9 Games} (11. Bd2 Qxb2 12. Rd1 g6 {½-½ (12) Zhigalko,A (2584)-Khenkin,I (2594) Bad Wiessee 2015}) 11... g6 12. Be3 Qa5 {...Bf5 is the strong threat.} 13. f4 $2 (13. Nf3 $11) 13... Bf5 $146 {Black is better.} ({Predecessor:} 13... Ng4 14. d6 Bf5 15. Qxb7 Nxe3 16. Qxa8+ {1-0 (50) Meszaros,G (2314)-Papp,P (2256) Hungary 2012}) 14. Qd4 {[#]} Nxc4 $1 {[%mdl 512]} 15. Bxc4 {Black must now prevent d6!} ({But not} 15. Qxc4 $2 Rc8 $19) 15... Rc8 16. Qc3 Qxc3+ 17. bxc3 {Strongly threatening Bb5+.} Rxc4 18. Kb2 Be4 (18... Bh6 $17 19. Ne2 Kf7) 1/2-1/2

[Event "2017 South African Open Ch"]
[Site "Durban"]
[Date "2017.07.15"]
[Round "3"]
[White "Masango, Spencer"]
[Black "Gluckman, Paul"]
[Result "1-0"]
[WhiteElo "2203"]
[BlackElo "1981"]
[Annotator "TA"]
[PlyCount "89"]
[EventDate "2017.??.??"]
[EventCountry "RSA"]
[SourceTitle "playchess.com"]
[Source "ChessBase"]
[SourceQuality "1"]

{[%evp 18,89,20,19,26,-4,-11,-9,-4,-17,-11,-28,-8,-19,-6,-25,-16,-49,-34,-62,30,41,45,-16,201,203,201,191,193,187,180,177,243,240,246,206,230,173,174,168,350,348,356,334,355,358,359,309,365,351,1218,564,570,547,461,424,1733,1637,2509,2392,2110,1954,29979,5900,29964,6016,29988,29989,29993,29994,29997,29995,29998,29999]} 1. Nf3 Nf6 2. c4 g6 3. Nc3 c5 4. g3 Bg7 5. Bg2 Nc6 6. O-O O-O 7. d4 cxd4 8. Nxd4 Qb6 9. Ndb5 d6 {A39: Symmetrical English vs ...g6: 4 Bg2 Bg7 5 Nf3 Nf6 6 0-0 0-0 7 d4} 10. Be3 {LiveBook: 4 Games} Qd8 11. c5 {[%cal Rc5d6]} (11. h3 Bd7 12. Rc1 a6 13. Nd4 Nxd4 14. Bxd4 Rc8 15. Qd3 Qa5 16. Bxb7 Bf5 17. e4 Bxh3 18. Bxc8 Bxf1 19. Kxf1 Rxc8 20. Kg2 e6 21. b3 Ng4 22. Bxg7 Kxg7 23. Qd4+ Qe5 24. Rd1 Qxd4 25. Rxd4 Rc6 26. f3 Nf6 27. g4 {½-½ (27) Slawinski,T (2384)-Leroy,J (2387) ICCF email 2009}) 11... a6 {The position is equal.} 12. Nd4 $146 ({Predecessor:} 12. Na3 d5 13. Na4 Bf5 14. Nb6 Ra7 15. Qa4 e6 16. Bg5 h6 17. Bxf6 Bxf6 {½-½ (40) Bragg,D (2165)-Pechisker,A (2197) Victoria 2012}) 12... d5 13. Na4 e5 14. Nc2 Be6 15. Nb6 Rb8 16. Bg5 d4 17. f4 {Bxc6 is the strong threat.} Qc7 (17... h6 $5 {[%cal Rh6g5]} 18. fxe5 hxg5 19. exf6 Bxf6 $11) 18. b4 d3 (18... Ng4 $15 19. Nd5 Bxd5 20. Bxd5 h6) 19. exd3 $11 {[%cal Be2d3,Bd3d4][%mdl 32] Hoping for fxe5.} Nxb4 20. fxe5 ({White should play} 20. Nxb4 $14 Qxc5+ 21. d4 Qxb6 22. fxe5) 20... Nfd5 $2 {[#]} (20... Qxe5 $11 {and Black stays safe.} 21. Bxf6 Qxc5+ 22. d4 Qxc2 23. Bxg7 Kxg7) 21. d4 $1 $18 Nxc2 22. Nxd5 Bxd5 23. Qxc2 ({Not} 23. Bxd5 Nxa1 24. Bg2 {[#]} Bxe5 $1 $14 {[%mdl 512]}) 23... Qd7 {intending ...Bxg2.} 24. Rad1 Rfe8 (24... Bc6 $142 25. Rd2 Rbe8) 25. Bxd5 Qxd5 26. Qb3 Qd7 27. Bf6 Bxf6 28. Rxf6 Rbd8 $2 (28... Re6 {might work better.} 29. Rf4 Rd8) 29. Rd6 Qe7 30. Rb1 {[%cal Bd1b1,Bb1f1,Bf1f4][%mdl 32]} Rd7 31. Qd5 Rc7 32. Rf1 Qg5 33. Rf4 Qh5 $2 (33... Kg7 34. a3 h6) 34. Rd7 (34. Rd8 $142 Qd1+ 35. Rf1) 34... Rxd7 35. Qxd7 {[%mdl 4096] Endgame KQR-KQR} Rf8 36. e6 Qd1+ (36... g5 $142 37. exf7+ Kg7) 37. Rf1 Qe2 38. e7 Qe3+ 39. Kg2 Qe2+ 40. Rf2 Qe4+ 41. Kh3 Ra8 {[#]} 42. Rxf7 $1 {[%mdl 512] White mates.} Qe2 {[#]} (42... Kxf7 43. e8=Q+) 43. Rg7+ $1 {[%mdl 512]} Kh8 {[#]} (43... Kxg7 44. e8=Q+) 44. Rxh7+ $1 {[%mdl 512]} Kg8 {[#]} (44... Kxh7 45. e8=N+) 45. e8=Q+ $1 {Precision: White = 63%, Black = 26%.} 1-0